| 000 | 00857cam a22002774a 4500 | ||
|---|---|---|---|
| 001 | 12104186 | ||
| 003 | OSt | ||
| 005 | 20161027144523.0 | ||
| 008 | 000712s2001 enk b 001 0 eng | ||
| 010 | _a 00059306 | ||
| 020 | _a1853836591 | ||
| 020 | _a1853836397 | ||
| 040 |
_aDLC _cDLC _dDLC |
||
| 042 | _apcc | ||
| 050 | 0 | 0 |
_aHD30.255 _b.E17 2001 |
| 082 | 0 | 0 |
_a333.72 _221 _bLAN 2008 |
| 100 |
_aEdited by Richard Welford and Richard Starkey _911253 |
||
| 245 | 0 | 4 |
_aThe Earthscan reader in business and sustainable development _c. |
| 260 |
_aLondon _bEarthscan Publications, _c2001. |
||
| 300 |
_axx, 364 p. ; _c24 cm. |
||
| 504 | _aIncludes bibliographical references and index. | ||
| 650 | 0 |
_aSustainable development. _91103 |
|
| 650 | 0 |
_aBusiness management _96027 |
|
| 906 |
_a7 _bcbc _corignew _d1 _eocip _f20 _gy-gencatlg |
||
| 942 |
_2ddc _cSLOAN |
||
| 999 |
_c3196 _d3196 |
||